000 00624nam a2200241Ia 4500
003 OSt
005 20221007072521.0
006 a|||||r|||| 00| 0
007 ta
008 221006b |||||||| |||| 00| 0 eng d
024 _a24,433
037 _cTextual
040 _aFLL
_cFLL
_beng
041 _2eng
_aeng
082 _aZ3:26, F6
100 _aOliver David
_9690842
245 0 _aModern law of personal property
250 _a6th
260 _aLondon
_bSweet & Maxwell Limited UK
_c1926
300 _alvi,552,31p
_ccm.
942 _hZ3:26, F6
_cTEXL
_2CC
999 _c1146299
_d1146299